|
|
|
|
| LEADER |
00000cam a2200000 a 4500 |
| 001 |
vtls001454487 |
| 003 |
SK-MaSNL |
| 005 |
20260301230517.0 |
| 008 |
250313s1941 xo al f p 000 0 slo |
| 015 |
|
|
|a SNBA1956
|
| 020 |
|
|
|q (viazané)
|
| 035 |
|
|
|a SNK000409794
|
| 035 |
|
|
|a urn:nbn:sk:snk-am3hyxj
|
| 035 |
|
|
|a C7AF9039-E990-4525-85C3-184698D1D596
|
| 035 |
|
|
|a urn:nbn:sk:snk-am00ddxw
|
| 040 |
|
|
|a SNK
|b slo
|c SNK
|e AACR2
|
| 041 |
0 |
|
|a slo
|
| 044 |
|
|
|a xo
|c SK
|
| 072 |
|
7 |
|a 271/279
|x Kresťanské cirkvi, sekty, denominácie
|2 konspekt
|
| 080 |
|
|
|a 274/278-1/-9
|2 2011
|
| 080 |
|
|
|a (075.2)
|2 2011
|
| 245 |
0 |
0 |
|a Svetielko
|b prvouka evanjelického a.v. kresťanského náboženstva pre druhý ročník ľudových škôl
|c sostavili Andrej Žiak a Ľudovít Šenšel
|
| 250 |
|
|
|a 2. opr. vyd.
|
| 260 |
|
|
|a V Liptovskom Sv. Mikuláši
|b Tranoscius
|c 1941
|
| 300 |
|
|
|a 41 strán
|b ilustr., tab.
|c 22 cm
|
| 500 |
|
|
|a Obsahuje učivo náboženskej prvouky evanj. a.v. cirkvi kresťanskej
|
| 610 |
2 |
7 |
|a Evanjelická cirkev a.v.
|2 SNKKA
|9 32425
|
| 650 |
0 |
7 |
|a evanjelické náboženstvo
|2 SNKPH
|9 4015
|
| 650 |
0 |
7 |
|a Evangelical religion
|2 SNKPHeng
|9 348507
|
| 655 |
|
7 |
|a učebnice základných škôl
|2 SNKPH
|9 70187
|
| 655 |
|
7 |
|a Textbooks (elementary)
|2 SNKPHeng
|9 276977
|
| 700 |
1 |
|
|a Žiak, Andrej,
|d 1905-1989
|4 com
|9 103048
|
| 700 |
1 |
|
|a Šenšel, Ľudovít,
|d 1888-1956
|4 com
|9 103049
|
| 752 |
|
|
|a Slovensko
|d Liptovský Svätý Mikuláš
|
| 852 |
|
|
|a Slovenská národná knižnica
|
| 958 |
|
|
|a RK
|
| 958 |
|
|
|a TL
|
| 958 |
|
|
|a NT
|
| 958 |
|
|
|a OND
|
| 958 |
|
|
|a SP
|
| 958 |
|
|
|a DB
|
| 999 |
|
|
|c 955039
|d 956969
|
| 952 |
|
|
|a SNK
|b SNK
|y PREZ
|7 0
|p 17A0795002
|o snkSC 8643
|i snkKSF 3038/56
|8 5
|0 0
|1 0
|4 0
|d 2012-03-12
|f 1
|l 0
|r 2025-07-09 00:00:00
|w 2026-02-24
|
| 952 |
|
|
|t P60, <04>, [BOOK], {604}
|a SNK
|b SNK
|y VYP
|7 0
|p 17A0386318
|o snkSC 8643 D1
|i snkKSF 4075/57
|8 5
|0 0
|1 0
|4 0
|d 2003-06-02
|l 0
|r 2005-01-02 00:00:00
|w 2026-02-24
|
| 952 |
|
|
|t P60, <04>, [BOOK], {604}
|a SNK
|b SNK
|y VYP
|7 0
|p 17A0386241
|o snkSC 8643 D2
|i snkF 2718/63
|8 5
|0 0
|1 0
|4 0
|d 2003-06-02
|l 0
|r 2005-01-02 00:00:00
|w 2026-02-24
|